000 01085nam a2200289 i 4500
001 bg
245 0 0 _aProblemy zagospodarowania terenów wiejskich w Polsce /
_cpod red. Andrzeja Stasiaka.
260 _aWarszawa :
_bKPZK,
_c2003.
300 _a247 s. :
_bil. ;
_c21 cm.
490 1 _aBiuletyn / Polska Akademia Nauk. Komitet Przestrzennego Zagospodarowania Kraju,
_x0079-3493 ;
_vz.207
500 _aStreszcz. ang. przy art.
504 _aBibliogr. przy art.
650 9 _aWieś
_xplanowanie przestrzenne
_zPolska
_yod 1989 r.
650 9 _aRolnictwo
_zPolska
_yod 1989 r.
650 9 _aWieś
_xgospodarka
_zPolska
_yod 1989 r.
650 9 _aPolska a Unia Europejska
_xgospodarka
650 9 _aUnia Europejska a Polska
_xgospodarka
700 1 _aSTASIAK, Andrzej.
_eRed.
830 0 _aBiuletyn (Polska Akademia Nauk. Komitet Przestrzennego Zagospodarowania Kraju) ;
_vz.207
020 _a8391737764
040 _cBPK
041 0 _apol
_beng
080 _a338.43:711.3(438:4-67)"1989/..."
920 _a83-917377-6-4
942 _cKS
008 s pl f |000 0 pol
999 _c43441
_d43441
856 _uhttp://koha.tu.koszalin.pl/cgi-bin/koha/opac-detail.pl?biblionumber=43441
_yKatalog online BPK